000 00327nam a2200145Ia 4500
100 _aNangle/ Mathew
942 _cBK
654 _aNetwork protocol handbook
245 _aNetwork Protocol Handbook
260 _bMc Graw Hill
_aNew york
_c1994
082 _a4.62
_bNAM
300 _a521
546 _aENGLISH
999 _c24973
_d24973